Statistiken für Die 20 erfolgreichsten Songs im Jahr 2014

Klicken Sie hier um das Quiz zu spielen!

Allgemein

  • Dieses Quiz wurde 314 mal gespielt
  • Das Durchschnittsergebnis liegt bei 9 aus 20

Antwortstatistiken

PlatzKünstlerTitel% Korrekt
1Helene FischerAtemlos durch die Nacht
98%
2Pharrell WilliamsHappy
91%
4Andreas BouraniAuf uns
75%
16John LegendAll Of Me
60%
5Mark Forster feat. SidoAu revoir
60%
19Pitbull feat. Ke$haTimber
58%
9CroTraum
52%
15George EzraBudapest
50%
12Meghan TrainorAll About That Bass
44%
7Clean Bandit feat. Jess GlynneRather Be
41%
17Calvin HarrisSummer
40%
3Mr ProbzWaves (Robin Schulz Remix)
40%
11Katy Perry feat. Juicy JDark Horse
36%
18Nico & VinzAm I Wrong
30%
6Lilly Wood & The PrickPrayer In C (Robin Schulz Remix)
20%
8Ed SheeranI See Fire
19%
13Marlon RoudetteWhen The Beat Drops Out
16%
20KieszaHideaway
15%
14David Guetta feat. Sam MartinLovers On The Sun
11%
10OneRepublicLove Runs Out
10%

Verteilung der Resultate

Perzentil nach korrekt beantworteten Fragen

Anzahl Personen mit jedem Resultat

Ihre Resultats-Entwicklung

Sie haben dieses Quiz noch nicht gespielt